000 01016 a2200253 4500
003 Nust
005 20220729115549.0
010 _a 99023550
020 _a0849316596 (alk. paper)
035 _a(DLC) 99023550
040 _cNust
082 0 0 _a511.3,NGU
100 1 _aNguyen, Hung T.,
_995760
245 1 2 _aA First Course in Fuzzy Logic /
_cHung T. Nguyen, Elbert A. Walker.
246 3 _aFuzzy logic
250 _a2nd ed.
260 _aBoca Raton, FL :
_bChapman & Hall,
_cc2000.
300 _a373 p. :
_bill. ;
_c24 cm.
505 _aThe Concepts of Fuzziness (Page-1), Some Algebra of Fuzzy Sets (Page-19), Fuzzy Quantities (Page-47), Logical Aspects of Fuzzy Sets (Page-61), Basic Connectives (Page-83), Additional Topics on Connectives (Page-143), Fuzzy Relations (Page-177), Partial Knowledge (Page-237), Fuzzy Modelling and Control (Page-319).
650 0 _aFuzzy logic.
_960142
650 0 _aNeural networks (Computer science)
_918586
700 1 _aWalker, E.
_d1930-
_995761
942 _cREF
_2ddc
999 _c175280
_d175280